Finančný spravodajca

Gespeichert in:
Bibliographische Detailangaben
Format: Schriftenreihe
Sprache:Slowakisch
Veröffentlicht: Bratislava Ministerstvo financií SR 2019
Schlagworte:
Tags: Tag hinzufügen
Keine Tags, Fügen Sie das erste Tag hinzu!

MARC

LEADER 00000nas2a2200000 4500
001 0298286
005 20240116132236.5
022 |a 1335-0498 
041 0 |a slo 
044 |a SK 
245 1 0 |a Finančný spravodajca 
264 1 |a Bratislava  |b Ministerstvo financií SR  |c 2019 
500 |a č. 2 nedodané 
773 0 |w eu_un_cat*s120173 
610 2 0 |a financie 
610 2 0 |a rozpočtovníctvo 
610 2 0 |a účtovníctvo 
610 2 0 |a dane